|
|
|
|
| LEADER |
01108nam a2200289 a 4500 |
| 001 |
12172295 |
| 008 |
100523s1999 enka 001 0 eng d |
| 010 |
|
|
|a \\\00701426
|
| 020 |
|
|
|a 0631209190 (acid-free paper)
|
| 040 |
|
|
|a UKM
|c UKM
|d VPI
|d DLC
|d BD-DhAAL
|
| 082 |
0 |
0 |
|a 305.42
|2 21
|
| 245 |
0 |
0 |
|a Feminisms and internationalism /
|c edited by Mrinalini Sinha, Donna Guy and Angela Woollacott.
|
| 260 |
|
|
|a Oxford :
|b Blackwell,
|c 1999.
|
| 300 |
|
|
|a xi, 264 p. :
|b ill. ;
|c 23 cm.
|
| 504 |
|
|
|a Includes bibliographical references and index.
|
| 541 |
1 |
|
|e 00020268
|
| 650 |
|
4 |
|a Feminism.
|
| 650 |
|
4 |
|a Internationalism.
|
| 650 |
|
4 |
|a Feminism
|x International cooperation.
|
| 650 |
|
0 |
|a Feminism
|x History
|y 19th century.
|
| 650 |
|
0 |
|a Feminism
|x History
|y 20th century.
|
| 700 |
1 |
|
|a Sinha, Mrinalini,
|d 1960-
|
| 700 |
1 |
|
|a Guy, Donna J.
|
| 700 |
1 |
|
|a Woollacott, Angela,
|d 1955-
|
| 852 |
4 |
|
|a Ayesha Abed Library
|j General Shelf
|
| 999 |
|
|
|c 8676
|d 8676
|
| 952 |
|
|
|0 0
|1 0
|2 ddc
|4 0
|6 305_420000000000000_FEM_1999
|7 0
|9 10437
|a BRACUL
|b BRACUL
|c GEN
|d 2010-05-24
|l 3
|o 305.42 FEM
|p 3010020268
|r 2025-11-16
|s 2025-11-09
|t 1
|w 2010-05-24
|y BK
|